000 00691nam a2200265Ia 4500
005 20260306164517.0
008 008 260114s9999 xx 000 0 eng d
020 _a9780199984794
037 _aEBOOK
040 _aCRL
040 _beng
040 _cCRL
041 _2eng
041 _aeng
084 _qCRL
100 _aLeighton Vaughan-williams, Donald S. Siegel
_91130931
245 4 _aThe Oxford Handbook Of The Economics Of Gambling
260 _bOxford University Press
260 _c2013
650 _aBusiness Economics & Finance
856 _uhttps://academic.oup.com/edited-volume/36333
942 _cEBOOK
999 _c1714333
_d1714333